000 00467nam a22001217a 4500
999 _c18822
_d18822
008 210222b xxu||||| |||| 00| 0 eng d
050 _aGMEN0208
_b.O39 2019 c.1
100 _aOgwoka, Maureen Moragwa
245 _aAssessment of infrastructure development effects on african cape Buffalo behavior in lake Nakuru national park, Kernya
_cMaureen Moragwa Ogwoka
260 _aKabarak, Nakuru, Kenya
_bKabarak University
_c2019
300 _a85 leaves
942 _2lcc
_cTHE